| 000 | 00550 a2200181 4500 | ||
|---|---|---|---|
| 999 |
_c7703 _d7703 |
||
| 010 | _aENG-88152 | ||
| 020 | _c50.00 | ||
| 035 | _aEN-71685 | ||
| 037 | _bDBAD / PUB | ||
| 082 | 1 | 4 | _aS |
| 245 | 1 |
_aMauni: _ctranslated by M.J. Vidhya; edited by J. Charumathi _bselected stories in english / |
|
| 260 |
_aCheyyar _bMavanna Publications _c2006 |
||
| 270 |
_aOld No.4/25, New NO.321, Ist main street, Anna Nagar _bCheyyar _e604 407 |
||
| 300 |
_a63 p. _c20 cm(Pbk) |
||
| 700 | 1 | _aVidhya, M.J. | |
| 700 | 1 | _aCharumathi, J. | |
| 942 |
_adpl _cEN _2ddc _hS _mMAU |
||